000 01085nam0a22002411 4500
001 rc\209414
005 20030307114232.4
035 _a(NLR Aleph) 005459987
090 _a4946043
_c4946043
100 _a20030307d1992 u |0rusy50 ca
101 0 _arus
102 _aRU
105 _ay |||||||||
200 1 _aЧЕЛОВЕК в славянской культуре
_eТез. выступлений
_fМежвуз. науч. конф., Курск, 3-5 апр. 1992 г.
_g[Редкол.: проф. Хроленко А.Т. - отв. ред. и др.]
210 _aКурск
_cКГПИ
_d1992 (вып. дан. 1993)
215 _a102 с.
_d20
300 _aВ надзаг.: М-во образования России, Кур. гос. пед. ин-т, Кур. обл. орг. о-ва "Знание", Кур.-Белгор. епархия, Кур. обл. орг. о-ва "Книга"
702 1 _aХроленко
_bА. Т.
_gАлександр Тимофеевич
_4340
801 0 _aRU
_bNLR
_gpsbo
801 1 _aRU
_bELAR
_2rusmarc
852 _aNLR
_j93-3/1381
942 _cBOOK
980 _aNB